Statistiques concernant Mots de la langue française terminés par "dine"

Cliquez ici pour prendre le quiz!

Statistiques générales

  • Ce quiz a été pris 124 fois
  • Le résultat moyen est 9 sur 18

Statistiques - réponses

QuestionRéponse% Correct
urbainecitadine
83%
siropgrenadine
80%
sans importanceanodine
78%
prénomAmandine
77%
relatif à une cordillère d'Amérique du sudandine
76%
poissonsardine
73%
pingreradine
73%
originaire d'un département du sud-ouestgirondine
52%
déesse des eaux dans la mythologie nordiqueondine
50%
manteaugabardine
49%
prénomGéraldine
47%
prénomNadine
42%
prénomClaudine
39%
dévergondéegourgandine
27%
malhonnêtegredine
23%
étouffoirsourdine
20%
tissu de cotonsuédine
7%
filtre placé dans une conduite de descentecrapaudine
1%

Distribution des résultats

Percentile par nombre de réponses

% des personnes avec chaque résultat

Votre développement - résultats

Vous n’avez pas pris ce quiz